| 000 | 00365cam a2200145ua 4500 | ||
|---|---|---|---|
| 041 |
_aeng _h |
||
| 082 |
_a823.308 _bSCO/TA |
||
| 100 | _aScott, Walten. | ||
| 245 |
_aTalisman: A tale of the crusaders / _cWalter Scott. _hTextual Documents |
||
| 260 |
_aLondon : _bArnold & Son Ltd , _c1963. |
||
| 300 | _a96 ; . | ||
| 504 | _a | ||
| 942 | _cBK | ||
| 999 |
_c3998 _d3998 |
||